000
00319 a2200133 4500
001
64184
040
_c
Anchieta - Pituba
240
1
0
_a
Diccionario de ciencias medicas
_l
por
245
1
0
_a
Diccionario de ciencias medicas
300
_a
834
362
0
_a
1974
650
4
_a
SEM EFEITO - Enciclopédias gerais
942
_c
BK
999
_c
64184
_d
64184